Deutsche Fußballer in einem Europaleague/UEFA-Cup Finale, ab 1990 - Statistiken

Allgemein
  • Dieses Quiz wurde 140 mal gespielt
    84 seit der letzten Aktualisierung
  • Das Durchschnittsergebnis liegt bei 24 aus 67
Antwortstatistiken
Saison Verein Antwort % Korrekt
2023/24 Leverkusen (N) Florian Wirtz
91%
2021/22 Frankfurt (S) Kevin Trapp
82%
2023/24 Leverkusen (N) Jonathan Tah
80%
2023/24 Leverkusen (N) Robert Andrich
76%
1990/91 Inter (N) Lothar Matthäus
73%
1995/96 Bayern (S) Lothar Matthäus
73%
2008/09 Bremen (N) Mesut Özil
70%
2018/19 Arsenal (N) Mesut Özil
70%
2015/16 Liverpool (N) Emre Can
61%
1995/96 Bayern (S) Oliver Kahn
61%
2021/22 Frankfurt (S) Sebastian Rode
56%
1992/93 Dortmund (N) Stefan Klos
55%
1995/96 Bayern (S) Dietmar Hamann
53%
2000/01 Liverpool (S) Dietmar Hamann
53%
1990/91 Inter (N) Jürgen Klinsmann
53%
1995/96 Bayern (S) Jürgen Klinsmann
53%
2008/09 Bremen (N) Torsten Frings
50%
1992/93 Juventus (S) Andreas Möller
48%
1996/97 Schalke (S) Jens Lehmann
48%
2001/02 Dortmund (N) Jens Lehmann
48%
1992/93 Juventus (S) Jürgen Kohler
47%
2001/02 Dortmund (N) Jürgen Kohler
47%
2001/02 Dortmund (N) Lars Ricken
45%
2008/09 Bremen (N) Tim Wiese
44%
1995/96 Bayern (S) Mehmet Scholl
42%
1990/91 Inter (N) Andreas Brehme
41%
1992/93 Dortmund (N) Michael Zorc
41%
2021/22 Frankfurt (S) Ansgar Knauff
39%
2008/09 Bremen (N) Frank Baumann
39%
1992/93 Dortmund (N) Stefan Reuter
36%
2001/02 Dortmund (N) Stefan Reuter
36%
1996/97 Schalke (S) Thomas Linke
36%
1996/97 Schalke (S) Andreas Müller
33%
2008/09 Bremen (N) Clemens Fritz
33%
2013/14 Sevilla (S) Marko Marin
33%
1995/96 Bayern (S) Thomas Helmer
33%
1996/97 Schalke (S) Olaf Thon
32%
1995/96 Bayern (S) Markus Babbel
30%
2000/01 Liverpool (S) Markus Babbel
30%
1992/93 Dortmund (N) Michael Rummenigge
29%
1995/96 Bayern (S) Alex Zickler
27%
2016/17 Ajax (N) Amin Younes
27%
1995/96 Bayern (S) Christian Ziege
27%
2001/02 Dortmund (N) Christian Wörns
26%
1996/97 Schalke (S) Mike Büskens
24%
1995/96 Bayern (S) Thomas Strunz
23%
2001/02 Dortmund (N) Jörg Heinrich
21%
1996/97 Schalke (S) Ingo Anderbrügge
18%
1996/97 Schalke (S) Yves Eigenrauch
18%
2008/09 Bremen (N) Aaron Hunt
15%
1992/93 Dortmund (N) Bodo Schmidt
15%
1996/97 Schalke (S) Martin Max
15%
1990/91 AS Rom (S) Thomas Berthold
15%
1992/93 Dortmund (N) Michael Schulz
14%
1992/93 Dortmund (N) Frank Mill
12%
2021/22 Frankfurt (S) Christopher Lenz
11%
1992/93 Dortmund (N) Knut Reinhardt
9%
2008/09 Bremen (N) Peter Niemeyer
9%
1992/93 Dortmund (N) Thomas Franck
9%
1992/93 Dortmund (N) Michael Lusch
6%
1995/96 Bayern (S) Dieter Frey
5%
1992/93 Dortmund (N) Lothar Sippel
5%
1995/96 Bayern (S) Marcel Witeczek
5%
1995/96 Bayern (S) Oliver Kreuzer
5%
1992/93 Dortmund (N) Gerhart Poschner
3%
1992/93 Dortmund (N) Uwe Grauer
3%
1992/93 Dortmund (N) Steffen Karl
2%
Keine übereinstimmenden Quizze gefunden
Verteilung der Resultate
Anzahl Personen mit jedem Resultat
Perzentil nach korrekt beantworteten Fragen
Ihre Resultats-Entwicklung
Sie haben dieses Quiz seit der letzten Aktualisierung nicht gespielt